000
00289nam a22001217a 4500
040
_c
sy
082
_a
895
100
_a
ណៃ សុវឿន
245
_a
អក្សរសាស្រ្តខ្មែរ
260
_a
RUA
_b
ណៃ សុវឿន
_c
2008
300
_a
60p;
942
_c
KB
999
_c
8514
_d
8514